| 000 | 00857cam a2200277 a 4500 | ||
|---|---|---|---|
| 001 | 524271 | ||
| 003 | OSt | ||
| 005 | 20231028094727.0 | ||
| 008 | 860613s1984 enka b 001 0 eng | ||
| 010 | _a 86172208 | ||
| 020 | _a0713128836 (pbk.) | ||
| 040 |
_aDLC _cDLC _dDLC |
||
| 050 | 0 | 0 |
_aQK711.2 _b.S78 1984 |
| 082 | 0 | 0 |
_a582.1 STR 1984 _219 |
| 100 | 1 |
_aStreet, H. E.; Opik, Helgi _98443 |
|
| 245 | 1 | 4 |
_aThe Physiology of Flowering Plants : _btheir growth and development |
| 250 | _a3rd ed. | ||
| 260 |
_aLondon ; _bE. Arnold, _c1984. |
||
| 300 |
_a279 p. : _bill. ; _c23 cm. |
||
| 440 | 2 |
_aA Series of student texts in contemporary biology _98444 |
|
| 504 | _aIncludes bibliographies and index. | ||
| 650 | 0 |
_aPlant physiology. _96089 |
|
| 650 | 0 |
_aAngiosperms. _98445 |
|
| 906 |
_a7 _bcbc _corignew _d3 _encip _f19 _gy-gencatlg |
||
| 942 |
_2ddc _cSLOAN |
||
| 999 |
_c3849 _d3849 |
||